[Event "POHÁR města Říčany 2023"]
[Site "Městské kulturní středisko U labutě"]
[Date "2023.08.27"]
[Round "2.1"]
[White "Neuman, Petr"]
[Black "Topencik, Bruno"]
[Result "1-0"]
[WhiteFideId "305243"]
[BlackFideId "23716550"]
[WhiteElo "2370"]
[BlackElo "1897"]
[PlyCount "0"]
[EventDate "2023.08.26"]

1. c4 {[%clk 01:12:27]} {[%emt 00:18:28]} e5 {[%clk 01:30:42]} {[%emt
00:00:21]} 2. Nc3 {[%clk 01:12:52]} {[%emt 00:00:06]} Be7 {[%clk 01:27:45]}
{[%emt 00:03:27]} 3. g3 {[%clk 01:11:40]} {[%emt 00:01:42]} f5 {[%clk
01:26:43]} {[%emt 00:01:32]} 4. Bg2 {[%clk 01:11:46]} {[%emt 00:00:24]} Nf6
{[%clk 01:26:39]} {[%emt 00:00:34]} 5. e3 {[%clk 01:09:20]} {[%emt 00:02:55]}
d6 {[%clk 01:24:59]} {[%emt 00:02:10]} 6. Nge2 {[%clk 01:09:33]} {[%emt
00:00:18]} c6 {[%clk 01:24:12]} {[%emt 00:01:17]} 7. b3 {[%clk 01:08:55]}
{[%emt 00:01:08]} O-O {[%clk 01:23:53]} {[%emt 00:00:49]} 8. O-O {[%clk
01:09:16]} {[%emt 00:00:09]} Na6 {[%clk 01:18:51]} {[%emt 00:05:33]} 9. d3
{[%clk 01:07:09]} {[%emt 00:02:36]} Nc7 {[%clk 01:15:24]} {[%emt 00:03:57]} 10.
Bb2 {[%clk 01:05:40]} {[%emt 00:01:59]} Qe8 {[%clk 01:08:53]} {[%emt 00:07:02]}
11. Qd2 {[%clk 01:03:57]} {[%emt 00:02:12]} Qh5 {[%clk 01:07:14]} {[%emt
00:02:08]} 12. f4 {[%clk 01:03:50]} {[%emt 00:00:37]} exf4 {[%clk 01:05:10]}
{[%emt 00:02:35]} 13. gxf4 {[%clk 01:02:58]} {[%emt 00:01:22]} Be6 {[%clk
00:59:54]} {[%emt 00:05:44]} 14. Nd4 {[%clk 01:02:43]} {[%emt 00:00:47]} Qf7
{[%clk 00:57:09]} {[%emt 00:03:14]} 15. Nce2 {[%clk 01:00:35]} {[%emt
00:02:39]} d5 {[%clk 00:55:18]} {[%emt 00:02:22]} 16. Ng3 {[%clk 00:58:34]}
{[%emt 00:02:30]} g6 {[%clk 00:52:24]} {[%emt 00:03:24]} 17. Nf3 {[%clk
00:57:15]} {[%emt 00:01:49]} Nd7 {[%clk 00:50:38]} {[%emt 00:02:15]} 18. Ng5
{[%clk 00:55:52]} {[%emt 00:01:53]} Bxg5 {[%clk 00:49:13]} {[%emt 00:01:55]} 19.
fxg5 {[%clk 00:56:14]} {[%emt 00:00:09]} h5 {[%clk 00:47:49]} {[%emt 00:01:54]}
20. gxh6 {[%clk 00:55:32]} {[%emt 00:01:12]} Kh7 {[%clk 00:43:43]} {[%emt
00:04:36]} 21. cxd5 {[%clk 00:54:52]} {[%emt 00:01:11]} Nxd5 {[%clk 00:42:57]}
{[%emt 00:01:16]} 22. e4 {[%emt 00:01:35]} Ne7 23. exf5 {[%clk 00:53:02]}
{[%emt 00:01:40]} gxf5 {[%clk 00:40:43]} {[%emt 00:02:50]} 24. Bg7 {[%clk
00:50:21]} {[%emt 00:03:10]} Rfd8 {[%clk 00:37:46]} {[%emt 00:03:22]} 25. Ne4
{[%clk 00:48:18]} {[%emt 00:02:39]} Qg6 {[%clk 00:36:57]} {[%emt 00:01:15]} 26.
Ng5+ {[%clk 00:47:41]} {[%emt 00:01:11]} Kg8 {[%clk 00:37:19]} {[%emt
00:00:08]} 27. Nxe6 {[%clk 00:45:27]} {[%emt 00:02:44]} Qxe6 {[%clk 00:37:31]}
{[%emt 00:00:17]} 28. Qg5 {[%clk 00:45:04]} {[%emt 00:00:53]} Ng6 {[%clk
00:37:01]} {[%emt 00:01:01]} 29. Rxf5 {[%clk 00:44:38]} {[%emt 00:00:56]} Re8
{[%clk 00:35:49]} {[%emt 00:01:42]} 30. Be4 {[%clk 00:44:05]} {[%emt 00:01:02]}
a5 {[%clk 00:35:08]} {[%emt 00:01:11]} 31. Raf1 {[%clk 00:44:09]} {[%emt
00:00:27]} a4 {[%clk 00:35:25]} {[%emt 00:00:13]} 32. Bb2 {[%clk 00:43:29]}
{[%emt 00:01:09]} axb3 {[%clk 00:35:37]} {[%emt 00:00:18]} 33. h7+ {[%clk
00:43:29]} {[%emt 00:00:30]} 1-0

[Event "POHÁR města Říčany 2023"]
[Site "Městské kulturní středisko U labutě"]
[Date "2023.08.27"]
[Round "2.2"]
[White "Skala, Jaromir"]
[Black "Smolik, Jachym"]
[Result "0-1"]
[WhiteFideId "325805"]
[BlackFideId "23701641"]
[WhiteElo "1895"]
[BlackElo "2340"]
[PlyCount "0"]
[EventDate "2023.08.26"]

1. d4 {[%clk 01:28:53]} {[%emt 00:02:05]} Nf6 {[%clk 01:30:57]} {[%emt
00:00:03]} 2. Nf3 {[%clk 01:29:14]} {[%emt 00:00:09]} d5 {[%clk 01:31:18]}
{[%emt 00:00:08]} 3. g3 {[%clk 01:29:37]} {[%emt 00:00:08]} c5 {[%clk
01:31:02]} {[%emt 00:00:46]} 4. Bg2 {[%clk 01:29:18]} {[%emt 00:00:49]} cxd4
{[%clk 01:30:55]} {[%emt 00:00:37]} 5. O-O {[%clk 01:29:27]} {[%emt 00:00:21]}
h6 {[%clk 01:31:16]} {[%emt 00:00:09]} 6. b3 {[%clk 01:28:05]} {[%emt
00:01:52]} e6 {[%clk 01:26:31]} {[%emt 00:05:16]} 7. Bb2 {[%clk 01:27:07]}
{[%emt 00:01:27]} Bd6 {[%clk 01:26:21]} {[%emt 00:00:41]} 8. Nxd4 {[%clk
01:26:31]} {[%emt 00:01:06]} a6 {[%clk 01:25:37]} {[%emt 00:01:14]} 9. e3
{[%clk 01:17:19]} {[%emt 00:09:42]} O-O {[%clk 01:24:10]} {[%emt 00:01:57]} 10.
Nd2 {[%clk 01:15:12]} {[%emt 00:02:36]} Nc6 {[%clk 01:02:06]} {[%emt 00:22:35]}
11. c4 {[%clk 01:12:58]} {[%emt 00:02:43]} Qe7 {[%clk 00:57:57]} {[%emt
00:04:39]} 12. Nxc6 {[%clk 01:03:18]} {[%emt 00:10:10]} bxc6 {[%clk 00:58:25]}
{[%emt 00:00:03]} 13. e4 {[%clk 01:03:06]} {[%emt 00:00:41]} dxe4 {[%clk
00:53:27]} {[%emt 00:05:29]} 14. Bxf6 {[%clk 00:58:34]} {[%emt 00:05:02]} gxf6
{[%clk 00:53:51]} {[%emt 00:00:05]} 15. Nxe4 {[%clk 00:58:05]} {[%emt
00:01:00]} Be5 {[%clk 00:53:22]} {[%emt 00:00:59]} 16. Qg4+ {[%clk 00:53:52]}
{[%emt 00:04:42]} Kh7 {[%clk 00:53:43]} {[%emt 00:00:09]} 17. Rad1 {[%clk
00:53:35]} {[%emt 00:00:48]} f5 {[%clk 00:51:57]} {[%emt 00:02:16]} 18. Qh5
{[%clk 00:53:47]} {[%emt 00:00:17]} Bc7 {[%clk 00:34:04]} {[%emt 00:18:24]} 19.
Nd2 {[%clk 00:46:51]} {[%emt 00:07:26]} Bb7 {[%clk 00:34:22]} {[%emt 00:00:13]}
20. Nf3 {[%clk 00:42:38]} {[%emt 00:04:42]} c5 {[%clk 00:29:27]} {[%emt
00:05:26]} 21. Ng5+ {[%clk 00:40:00]} {[%emt 00:03:07]} Qxg5 {[%clk 00:28:58]}
{[%emt 00:00:59]} 22. Qxg5 {[%clk 00:40:17]} {[%emt 00:00:12]} hxg5 {[%clk
00:29:26]} {[%emt 00:00:02]} 23. Bxb7 {[%clk 00:40:34]} {[%emt 00:00:13]} Ra7
{[%clk 00:29:54]} {[%emt 00:00:03]} 24. Bc6 {[%clk 00:38:43]} {[%emt 00:02:21]}
Be5 {[%clk 00:30:11]} {[%emt 00:00:12]} 25. Rd2 {[%clk 00:33:34]} {[%emt
00:05:39]} Rc7 {[%clk 00:29:47]} {[%emt 00:00:54]} 26. Ba4 {[%clk 00:30:40]}
{[%emt 00:03:24]} Kg6 {[%clk 00:26:28]} {[%emt 00:03:50]} 27. Rfd1 {[%clk
00:30:46]} {[%emt 00:00:24]} Bd4 {[%clk 00:25:24]} {[%emt 00:01:34]} 28. Kg2
{[%clk 00:28:37]} {[%emt 00:02:39]} a5 {[%clk 00:24:51]} {[%emt 00:01:04]} 29.
a3 {[%clk 00:25:21]} {[%emt 00:03:46]} e5 {[%clk 00:25:12]} {[%emt 00:00:09]}
30. h3 {[%clk 00:23:56]} {[%emt 00:01:55]} Rb7 {[%clk 00:23:30]} {[%emt
00:02:13]} 31. Rb1 {[%clk 00:22:22]} {[%emt 00:02:03]} Rfb8 {[%clk 00:22:58]}
{[%emt 00:01:03]} 32. Bb5 {[%clk 00:22:09]} {[%emt 00:00:42]} f6 {[%clk
00:21:54]} {[%emt 00:01:34]} 33. Rdd1 {[%clk 00:20:21]} {[%emt 00:02:18]} Rh7
{[%clk 00:21:10]} {[%emt 00:01:13]} 34. b4 {[%clk 00:19:52]} {[%emt 00:01:00]}
axb4 {[%clk 00:20:39]} {[%emt 00:01:01]} 35. axb4 {[%clk 00:20:18]} {[%emt
00:00:03]} Rbh8 {[%clk 00:20:43]} {[%emt 00:00:26]} 36. Rh1 {[%clk 00:19:12]}
{[%emt 00:01:36]} cxb4 {[%clk 00:20:31]} {[%emt 00:00:43]} 37. Rxb4 {[%clk
00:19:40]} {[%emt 00:00:02]} g4 {[%clk 00:19:18]} {[%emt 00:01:43]} 38. h4
{[%clk 00:19:56]} {[%emt 00:00:14]} Ra7 {[%clk 00:18:19]} {[%emt 00:01:28]} 39.
Ra4 {[%clk 00:16:52]} {[%emt 00:03:34]} Rxa4 {[%clk 00:17:41]} {[%emt
00:01:09]} 40. Bxa4 {[%clk 00:17:19]} {[%emt 00:00:03]} Ra8 {[%clk 00:18:05]}
{[%emt 00:00:07]} 41. Bc6 {[%clk 00:17:16]} {[%emt 00:00:32]} Ra2 {[%clk
00:18:29]} {[%emt 00:00:06]} 42. Rf1 {[%clk 00:16:45]} {[%emt 00:01:01]} e4
{[%clk 00:17:23]} {[%emt 00:01:36]} 43. Be8+ {[%clk 00:16:45]} {[%emt
00:00:29]} Kg7 {[%clk 00:17:05]} {[%emt 00:00:48]} 44. Bd7 {[%clk 00:17:12]}
{[%emt 00:00:04]} e3 {[%clk 00:16:57]} {[%emt 00:00:38]} 45. Bxf5 {[%clk
00:17:26]} {[%emt 00:00:15]} e2 {[%clk 00:16:59]} {[%emt 00:00:28]} 46. Rb1
{[%clk 00:16:35]} {[%emt 00:01:21]} Ra1 {[%clk 00:11:16]} {[%emt 00:06:13]} 47.
Rb7+ {[%clk 00:11:39]} {[%emt 00:05:24]} Kf8 {[%clk 00:11:45]} {[%emt
00:00:02]} 48. Rb8+ {[%clk 00:11:23]} {[%emt 00:00:46]} Ke7 {[%clk 00:12:14]}
{[%emt 00:00:01]} 49. Rb7+ {[%clk 00:11:17]} {[%emt 00:00:37]} Kd6 {[%clk
00:12:42]} {[%emt 00:00:02]} 50. Rd7+ {[%clk 00:11:13]} {[%emt 00:00:34]} Kc5
{[%clk 00:12:20]} {[%emt 00:00:51]} 0-1

[Event "POHÁR města Říčany 2023"]
[Site "Městské kulturní středisko U labutě"]
[Date "2023.08.27"]
[Round "2.3"]
[White "Horak, Martin"]
[Black "Skokan, Frantisek"]
[Result "1-0"]
[WhiteFideId "367095"]
[BlackFideId "327492"]
[WhiteElo "2302"]
[BlackElo "1881"]
[PlyCount "0"]
[EventDate "2023.08.26"]

1. e4 {[%clk 01:29:52]} {[%emt 00:01:06]} c5 {[%clk 01:30:54]} {[%emt
00:00:06]} 2. Nf3 {[%clk 01:30:16]} {[%emt 00:00:06]} Nc6 {[%clk 01:31:18]}
{[%emt 00:00:06]} 3. d4 {[%clk 01:30:41]} {[%emt 00:00:05]} cxd4 {[%clk
01:31:44]} {[%emt 00:00:04]} 4. Nxd4 {[%clk 01:31:07]} {[%emt 00:00:05]} g6
{[%clk 01:32:07]} {[%emt 00:00:08]} 5. c4 {[%clk 01:31:15]} {[%emt 00:00:21]}
Bg7 {[%clk 01:32:31]} {[%emt 00:00:06]} 6. Be3 {[%clk 01:31:41]} {[%emt
00:00:05]} Nf6 {[%clk 01:32:53]} {[%emt 00:00:08]} 7. Nc3 {[%clk 01:31:58]}
{[%emt 00:00:12]} d6 {[%clk 01:33:07]} {[%emt 00:00:16]} 8. Be2 {[%clk
01:21:23]} {[%emt 00:11:06]} Bd7 {[%clk 01:33:16]} {[%emt 00:00:20]} 9. f3
{[%clk 01:19:11]} {[%emt 00:02:42]} O-O {[%clk 01:33:37]} {[%emt 00:00:09]} 10.
Qd2 {[%clk 01:19:22]} {[%emt 00:00:19]} Rc8 {[%clk 01:33:24]} {[%emt 00:00:43]}
11. O-O {[%clk 01:18:07]} {[%emt 00:01:45]} Nxd4 {[%clk 01:33:37]} {[%emt
00:00:17]} 12. Bxd4 {[%clk 01:18:26]} {[%emt 00:00:11]} Bc6 {[%clk 01:33:53]}
{[%emt 00:00:14]} 13. b4 {[%clk 01:17:07]} {[%emt 00:01:49]} b6 {[%clk
01:33:41]} {[%emt 00:00:42]} 14. a4 {[%clk 01:06:33]} {[%emt 00:11:04]} Nd7
{[%clk 01:29:51]} {[%emt 00:04:20]} 15. a5 {[%clk 01:04:33]} {[%emt 00:02:31]}
Bxd4+ {[%clk 01:28:27]} {[%emt 00:01:53]} 16. Qxd4 {[%clk 01:04:58]} {[%emt
00:00:06]} Bb7 {[%clk 01:12:57]} {[%emt 00:16:01]} 17. Rfd1 {[%clk 00:53:33]}
{[%emt 00:11:54]} Ne5 {[%clk 00:57:17]} {[%emt 00:16:10]} 18. axb6 {[%clk
00:50:06]} {[%emt 00:03:58]} axb6 {[%clk 00:56:30]} {[%emt 00:01:16]} 19. Na4
{[%clk 00:45:16]} {[%emt 00:05:20]} Nd7 {[%clk 00:43:59]} {[%emt 00:13:00]} 20.
f4 {[%clk 00:45:20]} {[%emt 00:00:26]} Bc6 {[%clk 00:40:29]} {[%emt 00:04:01]}
21. e5 {[%clk 00:38:15]} {[%emt 00:07:35]} dxe5 {[%clk 00:34:20]} {[%emt
00:06:40]} 22. fxe5 {[%clk 00:38:31]} {[%emt 00:00:13]} Bxa4 {[%clk 00:34:01]}
{[%emt 00:00:49]} 23. Rxa4 {[%clk 00:38:57]} {[%emt 00:00:05]} Nb8 {[%clk
00:32:51]} {[%emt 00:01:39]} 24. Qe3 {[%clk 00:32:31]} {[%emt 00:06:56]} Qc7
{[%clk 00:32:50]} {[%emt 00:00:31]} 25. e6 {[%clk 00:32:31]} {[%emt 00:00:30]}
Qc6 {[%clk 00:27:44]} {[%emt 00:05:35]} 26. exf7+ {[%clk 00:30:40]} {[%emt
00:02:21]} Rxf7 {[%clk 00:27:42]} {[%emt 00:00:32]} 27. Ra7 {[%clk 00:30:53]}
{[%emt 00:00:17]} e6 {[%clk 00:19:41]} {[%emt 00:08:31]} 28. Rxf7 {[%clk
00:28:31]} {[%emt 00:02:52]} Kxf7 {[%clk 00:20:05]} {[%emt 00:00:06]} 29. Qf4+
{[%clk 00:28:34]} {[%emt 00:00:27]} Kg8 {[%clk 00:16:12]} {[%emt 00:04:22]} 30.
Rd6 {[%clk 00:28:40]} {[%emt 00:00:24]} Qc7 {[%clk 00:12:43]} {[%emt 00:03:59]}
31. Bg4 {[%clk 00:27:02]} {[%emt 00:02:08]} Re8 {[%clk 00:11:52]} {[%emt
00:01:21]} 32. Qe5 {[%clk 00:26:41]} {[%emt 00:00:51]} Nd7 {[%clk 00:04:03]}
{[%emt 00:08:19]} 33. Bxe6+ {[%clk 00:26:49]} {[%emt 00:00:22]} Kf8 {[%clk
00:04:16]} {[%emt 00:00:16]} 1-0

[Event "POHÁR města Říčany 2023"]
[Site "Městské kulturní středisko U labutě"]
[Date "2023.08.27"]
[Round "2.4"]
[White "Voracek, Zdenek"]
[Black "Vojta, Jakub"]
[Result "1/2-1/2"]
[WhiteFideId "331880"]
[BlackFideId "382515"]
[WhiteElo "1882"]
[BlackElo "2288"]
[PlyCount "0"]
[EventDate "2023.08.26"]

1. d4 {[%clk 01:22:00]} {[%emt 00:08:58]} Nf6 {[%clk 01:30:55]} {[%emt
00:00:07]} 2. c4 {[%clk 01:22:13]} {[%emt 00:00:16]} c5 {[%clk 01:31:19]}
{[%emt 00:00:08]} 3. d5 {[%clk 01:22:26]} {[%emt 00:00:15]} b5 {[%clk
01:31:45]} {[%emt 00:00:05]} 4. cxb5 {[%clk 01:21:51]} {[%emt 00:01:05]} a6
{[%clk 01:32:11]} {[%emt 00:00:05]} 5. e3 {[%clk 01:21:21]} {[%emt 00:00:59]}
g6 {[%clk 01:31:05]} {[%emt 00:01:36]} 6. Nc3 {[%clk 01:21:34]} {[%emt
00:00:16]} Bg7 {[%clk 01:31:12]} {[%emt 00:00:24]} 7. Nf3 {[%clk 01:21:24]}
{[%emt 00:00:39]} O-O {[%clk 01:31:18]} {[%emt 00:00:25]} 8. a4 {[%clk
01:08:59]} {[%emt 00:12:55]} d6 {[%clk 01:28:48]} {[%emt 00:03:01]} 9. Be2
{[%clk 01:07:49]} {[%emt 00:01:38]} axb5 {[%clk 01:23:18]} {[%emt 00:06:01]} 10.
Bxb5 {[%clk 01:07:25]} {[%emt 00:00:54]} Na6 {[%clk 01:23:26]} {[%emt
00:00:22]} 11. O-O {[%clk 01:02:21]} {[%emt 00:05:33]} Nb4 {[%clk 01:23:41]}
{[%emt 00:00:17]} 12. Nd2 {[%clk 00:57:49]} {[%emt 00:05:02]} e6 {[%clk
01:22:09]} {[%emt 00:02:02]} 13. e4 {[%clk 00:52:31]} {[%emt 00:05:47]} exd5
{[%clk 01:22:16]} {[%emt 00:00:25]} 14. exd5 {[%clk 00:52:43]} {[%emt
00:00:17]} Bf5 {[%clk 01:05:45]} {[%emt 00:17:00]} 15. Nc4 {[%clk 00:49:30]}
{[%emt 00:03:43]} Bc2 {[%clk 01:02:52]} {[%emt 00:03:24]} 16. Qf3 {[%clk
00:46:49]} {[%emt 00:03:10]} Bd3 {[%clk 00:47:06]} {[%emt 00:16:16]} 17. Rd1
{[%clk 00:42:32]} {[%emt 00:04:46]} Bf5 {[%clk 00:42:45]} {[%emt 00:04:52]} 18.
Qg3 {[%clk 00:41:59]} {[%emt 00:01:02]} Nc2 {[%clk 00:40:38]} {[%emt 00:02:39]}
19. Ra2 {[%clk 00:41:58]} {[%emt 00:00:30]} Nb4 {[%clk 00:28:21]} {[%emt
00:12:47]} 20. Ra3 {[%clk 00:38:15]} {[%emt 00:04:13]} Nc2 {[%clk 00:28:12]}
{[%emt 00:00:39]} 21. Ra2 {[%clk 00:34:28]} {[%emt 00:04:17]} Nb4 {[%clk
00:15:40]} {[%emt 00:13:02]} 22. Ra3 {[%clk 00:34:22]} {[%emt 00:00:36]} Nc2
{[%clk 00:15:27]} {[%emt 00:00:43]} 23. Ra2 {[%clk 00:34:36]} {[%emt 00:00:17]}
Nb4 {[%clk 00:15:52]} {[%emt 00:00:05]} 1/2-1/2

[Event "POHÁR města Říčany 2023"]
[Site "Městské kulturní středisko U labutě"]
[Date "2023.08.27"]
[Round "2.5"]
[White "Soucek, Petr"]
[Black "Korniichuk, Oleksandra"]
[Result "1/2-1/2"]
[WhiteFideId "23715170"]
[BlackFideId "14155656"]
[WhiteElo "2268"]
[BlackElo "1869"]
[PlyCount "0"]
[EventDate "2023.08.26"]

1. c4 {[%clk 01:30:48]} {[%emt 00:00:11]} b6 {[%clk 01:30:40]} {[%emt
00:00:21]} 2. Nc3 {[%clk 01:29:53]} {[%emt 00:01:25]} Bb7 {[%clk 01:30:50]}
{[%emt 00:00:20]} 3. e4 {[%clk 01:28:36]} {[%emt 00:01:46]} e6 {[%clk
01:30:25]} {[%emt 00:00:55]} 4. g3 {[%clk 01:26:05]} {[%emt 00:03:01]} f5
{[%clk 01:24:25]} {[%emt 00:06:30]} 5. Bg2 {[%clk 01:20:08]} {[%emt 00:06:27]}
Nf6 {[%clk 01:21:59]} {[%emt 00:02:57]} 6. d3 {[%clk 01:17:40]} {[%emt
00:02:57]} Bb4 {[%clk 01:17:24]} {[%emt 00:05:04]} 7. Nge2 {[%clk 01:16:18]}
{[%emt 00:01:52]} fxe4 {[%clk 01:14:47]} {[%emt 00:03:08]} 8. O-O {[%clk
01:16:03]} {[%emt 00:00:45]} O-O {[%clk 01:12:58]} {[%emt 00:02:19]} 9. Nxe4
{[%clk 01:10:28]} {[%emt 00:06:05]} Nxe4 {[%clk 01:12:04]} {[%emt 00:01:24]} 10.
dxe4 {[%clk 01:10:52]} {[%emt 00:00:06]} e5 {[%clk 01:09:32]} {[%emt 00:03:01]}
11. a3 {[%clk 01:05:45]} {[%emt 00:05:37]} Be7 {[%clk 01:03:40]} {[%emt
00:06:22]} 12. Nc3 {[%clk 00:57:02]} {[%emt 00:09:13]} a5 {[%clk 01:02:34]}
{[%emt 00:01:36]} 13. Nd5 {[%clk 00:52:10]} {[%emt 00:05:22]} Bc5 {[%clk
00:59:40]} {[%emt 00:03:23]} 14. Qh5 {[%clk 00:47:23]} {[%emt 00:05:18]} Bxd5
{[%clk 00:55:11]} {[%emt 00:04:59]} 15. exd5 {[%clk 00:44:45]} {[%emt
00:03:08]} d6 {[%clk 00:55:29]} {[%emt 00:00:11]} 16. Bg5 {[%clk 00:39:57]}
{[%emt 00:05:17]} Qe8 {[%clk 00:54:27]} {[%emt 00:01:33]} 17. Qxe8 {[%clk
00:39:51]} {[%emt 00:00:36]} Rxe8 {[%clk 00:54:52]} {[%emt 00:00:06]} 18. Bh3
{[%clk 00:40:00]} {[%emt 00:00:21]} h6 {[%clk 00:55:10]} {[%emt 00:00:12]} 19.
Bd2 {[%clk 00:39:30]} {[%emt 00:01:00]} Na6 {[%clk 00:53:40]} {[%emt 00:02:00]}
20. Rab1 {[%clk 00:39:04]} {[%emt 00:00:55]} Bd4 {[%clk 00:52:31]} {[%emt
00:01:39]} 21. b4 {[%clk 00:38:06]} {[%emt 00:01:28]} axb4 {[%clk 00:52:46]}
{[%emt 00:00:15]} 22. axb4 {[%clk 00:38:31]} {[%emt 00:00:05]} Rf8 {[%clk
00:52:27]} {[%emt 00:00:49]} 23. Bd7 {[%clk 00:26:28]} {[%emt 00:12:33]} Nb8
{[%clk 00:49:29]} {[%emt 00:03:28]} 24. Be6+ {[%clk 00:25:11]} {[%emt
00:01:46]} Kh7 {[%clk 00:49:10]} {[%emt 00:00:49]} 25. Be3 {[%clk 00:23:52]}
{[%emt 00:01:49]} Ra2 {[%clk 00:42:16]} {[%emt 00:07:24]} 26. Bxd4 {[%clk
00:23:38]} {[%emt 00:00:45]} exd4 {[%clk 00:42:44]} {[%emt 00:00:02]} 27. b5
{[%clk 00:18:45]} {[%emt 00:05:23]} Rd8 {[%clk 00:42:22]} {[%emt 00:00:52]} 28.
Rbe1 {[%clk 00:15:33]} {[%emt 00:03:42]} Kg6 {[%clk 00:39:05]} {[%emt
00:03:46]} 29. Re4 {[%clk 00:14:39]} {[%emt 00:01:24]} Nd7 {[%clk 00:38:35]}
{[%emt 00:01:00]} 30. Rxd4 {[%clk 00:14:17]} {[%emt 00:00:53]} Nf6 {[%clk
00:37:19]} {[%emt 00:01:46]} 31. Re1 {[%clk 00:10:53]} {[%emt 00:03:53]} Rda8
{[%clk 00:37:00]} {[%emt 00:00:50]} 32. h4 {[%clk 00:10:34]} {[%emt 00:00:50]}
h5 {[%clk 00:36:20]} {[%emt 00:01:10]} 33. Rf4 {[%clk 00:10:16]} {[%emt
00:00:48]} Ra1 {[%clk 00:34:24]} {[%emt 00:02:26]} 34. Rxa1 {[%clk 00:10:18]}
{[%emt 00:00:28]} Rxa1+ {[%clk 00:34:51]} {[%emt 00:00:02]} 35. Kg2 {[%clk
00:10:39]} {[%emt 00:00:10]} Ra2 {[%clk 00:32:13]} {[%emt 00:03:08]} 36. Kf3
{[%clk 00:09:35]} {[%emt 00:01:34]} Ra3+ {[%clk 00:32:05]} {[%emt 00:00:37]} 37.
Ke2 {[%clk 00:09:39]} {[%emt 00:00:26]} Ra2+ {[%clk 00:32:31]} {[%emt
00:00:05]} 38. Kd3 {[%clk 00:09:53]} {[%emt 00:00:15]} Ra1 {[%clk 00:31:35]}
{[%emt 00:01:27]} 39. Kc3 {[%clk 00:08:36]} {[%emt 00:01:47]} Re1 {[%clk
00:31:40]} {[%emt 00:00:25]} 40. Bf5+ {[%clk 00:06:38]} {[%emt 00:02:28]} Kf7
{[%clk 00:31:23]} {[%emt 00:00:46]} 41. Rf3 {[%clk 00:06:12]} {[%emt 00:00:57]}
g6 {[%clk 00:31:06]} {[%emt 00:00:47]} 42. Bc2 {[%clk 00:05:34]} {[%emt
00:01:08]} Kg7 {[%clk 00:31:20]} {[%emt 00:00:17]} 43. Kd2 {[%clk 00:04:58]}
{[%emt 00:01:07]} Re7 {[%clk 00:30:57]} {[%emt 00:00:53]} 44. Rf4 {[%clk
00:04:16]} {[%emt 00:01:12]} Ng4 {[%clk 00:29:45]} {[%emt 00:01:42]} 45. Bd1
{[%clk 00:02:53]} {[%emt 00:01:54]} Ne5 {[%clk 00:29:18]} {[%emt 00:00:56]} 46.
Be2 {[%clk 00:02:43]} {[%emt 00:00:40]} Rf7 {[%clk 00:28:41]} {[%emt 00:01:07]}
47. Ke3 {[%clk 00:01:46]} {[%emt 00:01:26]} Rxf4 {[%emt 00:07:28]} 48. gxf4 Nf7
{[%clk 00:21:44]} 49. f5 {[%emt 00:06:43]} Kf6 {[%clk 00:16:49]} {[%emt
00:00:32]} 50. fxg6 Kxg6 51. Ke4 {[%emt 00:04:01]} Ne5 {[%clk 00:12:54]} {[%emt
00:01:47]} 52. Kf4 {[%clk 00:00:58]} {[%emt 00:00:49]} Nd7 {[%emt 00:01:33]} 53.
Bd3+ {[%emt 00:00:20]} Kf6 {[%emt 00:00:07]} 54. Be2 {[%clk 00:01:00]} {[%emt
00:00:07]} Kg6 {[%clk 00:12:19]} 55. Ke3 Kh6 {[%emt 00:01:59]} 56. f4 {[%clk
00:00:57]} {[%emt 00:00:30]} Kg6 {[%clk 00:10:41]} {[%emt 00:02:09]} 57. Bd1
{[%clk 00:00:50]} {[%emt 00:00:36]} Nf6 {[%clk 00:07:50]} {[%emt 00:03:21]} 58.
Bc2+ {[%clk 00:01:12]} {[%emt 00:00:08]} Kf7 {[%clk 00:08:07]} {[%emt
00:00:13]} 59. Bf5 {[%clk 00:01:31]} {[%emt 00:00:11]} Ne8 {[%clk 00:07:50]}
{[%emt 00:00:47]} 60. Bd7 {[%clk 00:01:09]} {[%emt 00:00:52]} Nf6 {[%clk
00:06:24]} {[%emt 00:01:57]} 61. Be6+ {[%clk 00:01:21]} {[%emt 00:00:17]} Kg7
{[%clk 00:06:45]} {[%emt 00:00:09]} 62. Kf3 {[%clk 00:01:22]} {[%emt 00:00:30]}
Nh7 {[%clk 00:05:50]} {[%emt 00:01:25]} 63. Ke4 {[%clk 00:01:19]} {[%emt
00:00:33]} Kf6 {[%clk 00:05:49]} {[%emt 00:00:31]} 64. Bd7 {[%clk 00:00:59]}
{[%emt 00:00:50]} Nf8 {[%clk 00:04:29]} {[%emt 00:01:50]} 65. Be8 {[%clk
00:01:05]} {[%emt 00:00:24]} Ng6 {[%clk 00:04:28]} {[%emt 00:00:31]} 66. Bxg6
{[%clk 00:01:18]} {[%emt 00:00:16]} Kxg6 {[%clk 00:04:54]} {[%emt 00:00:04]} 67.
f5+ {[%clk 00:01:02]} {[%emt 00:00:46]} Kf7 {[%clk 00:05:18]} {[%emt 00:00:06]}
68. Kf3 {[%clk 00:01:15]} {[%emt 00:00:16]} Kg7 {[%clk 00:05:40]} {[%emt
00:00:08]} 69. Ke3 {[%clk 00:01:16]} {[%emt 00:00:29]} Kf7 {[%clk 00:06:01]}
{[%emt 00:00:10]} 70. Kd4 {[%clk 00:01:31]} {[%emt 00:00:15]} Kf6 {[%clk
00:05:16]} {[%emt 00:01:15]} 71. Ke4 {[%clk 00:01:56]} {[%emt 00:00:04]} Kf7
{[%clk 00:05:42]} {[%emt 00:00:04]} 72. Kf4 {[%clk 00:02:22]} {[%emt 00:00:04]}
Kf6 {[%clk 00:06:06]} {[%emt 00:00:06]} 1/2-1/2